LIBRARY & INFORMATION CENTRE, KCAET, TAVANUR

ONLINE PUBLIC ACCESS CATALOGUE (OPAC)

Statistical procedures for agricultural research (Record no. 13765)

MARC details
000 -LEADER
fixed length control field 00360nam a22001457a 4500
020 ## - INTERNATIONAL STANDARD BOOK NUMBER
ISBN 9788126523795
082 ## - DEWEY DECIMAL CLASSIFICATION NUMBER
Classification number 630.51
Item number GOM/ST
100 ## - MAIN ENTRY--AUTHOR NAME
Personal name Gomez, Kwanchai, A
245 ## - TITLE STATEMENT
Title Statistical procedures for agricultural research
250 ## - EDITION STATEMENT
Edition statement 2
260 ## - PUBLICATION, DISTRIBUTION, ETC. (IMPRINT)
Place of publication New Delhi
Name of publisher Wiley India Pvt. Ltd.
Year of publication 2010
300 ## - PHYSICAL DESCRIPTION
Number of Pages 680
700 ## - ADDED ENTRY--PERSONAL NAME
Personal name Gomez, Arturo A
942 ## - ADDED ENTRY ELEMENTS (KOHA)
Koha item type Books
Holdings
Withdrawn status Lost status Damaged status Collection code Home library Current library Shelving location Date acquired Source of acquisition Cost, normal purchase price Full call number Accession Number Koha item type
      Non-fiction KAUAET KAUAET General Stacks 31/03/2012 Universal Research Books, Trichur 849.00 630.51 GOM/ST 23362 Books
free website counter